[Event "Pinar del Rio Province-ch fin 1st Cat"]
[Site "Pinar del Rio"]
[Date "2010.11.01"]
[Round "5"]
[White "Avila Bagdasarova, Eladio E"]
[Black "Corrales Jimenez, Zenia"]
[Result "0-1"]
[WhiteElo "2134"]
[BlackElo "2159"]
[PlyCount "109"]
[EventDate "2010.10.27"]
[EventType "tourn"]
[EventRounds "11"]
[EventCountry "CUB"]
[SourceTitle "EXT 2019"]
[Source "ChessBase"]
[SourceDate "2018.10.10"]
[SourceVersion "1"]
[SourceVersionDate "2018.10.10"]
[SourceQuality "1"]

1. c4 Nf6 2. g3 e6 3. Bg2 d5 4. Nf3 d4 5. 0-0 Nc6 6. d3 Be7 7. e3 dxe3 8. fxe3 e5 9. Nc3 0-0 10. d4 exd4 11. exd4 Bg4 12. Be3 Bh5 13. Kh1 Ng4 14. Bg1 f5 15. d5 Nce5 16. Nxe5 Nf2+ 17. Bxf2 Bxd1 18. Raxd1 Qe8 19. Rfe1 Qh5 20. Bf3 Qh6 21. d6 Bxd6 22. Bd5+ Kh8 23. Nf7+ Rxf7 24. Bxf7 f4 25. Rd3 fxg3 26. Bxg3 Bxg3 27. Rxg3 Qd2 28. Rge3 g6 29. R1e2 Qc1+ 30. Kg2 Rf8 31. Re8 Qg5+ 32. Kh1 Rxe8 33. Bxe8 Qf4 34. Kg2 Qxc4 35. Bb5 Qg4+ 36. Kf2 c6 37. Ba4 Qh4+ 38. Kg2 h5 39. Bc2 Qg4+ 40. Kf2 h4 41. Ne4 Qe6 42. b3 Qg4 43. Rd2 Qf4+ 44. Ke1 g5 45. Rd8+ Kg7 46. Rd7+ Kf8 47. Rd2 Ke8 48. Re2 Kd8 49. Rd2+ Kc7 50. Re2 Kb6 51. h3 g4 52. hxg4 Qxg4 53. Nf2 Qg3 54. Be4 h3 55. Kd1 0-1

[Event "Pinar del Rio Province-ch sf 1st Cat"]
[Site "Pinar del Rio"]
[Date "2010.10.24"]
[Round "9"]
[White "Avila Bagdasarova, Eladio E"]
[Black "Cruz Graupera, Jose M"]
[Result "1/2-1/2"]
[WhiteElo "2134"]
[BlackElo "1898"]
[PlyCount "86"]
[EventDate "2010.10.01"]
[EventType "swiss"]
[EventRounds "9"]
[EventCountry "CUB"]
[SourceTitle "EXT 2019"]
[Source "ChessBase"]
[SourceDate "2018.10.10"]
[SourceVersion "1"]
[SourceVersionDate "2018.10.10"]
[SourceQuality "1"]

1. c4 e5 2. g3 g6 3. Bg2 Bg7 4. Nc3 Ne7 5. e3 Nbc6 6. Nge2 0-0 7. 0-0 b6 8. b4 Bb7 9. a4 Qc8 10. Ba3 d6 11. Qb3 a5 12. b5 Nd8 13. Nd5 Re8 14. Rac1 Ne6 15. f4 exf4 16. Nexf4 Nxf4 17. Rxf4 Nxd5 18. cxd5 Qd7 19. Bb2 Bxb2 20. Qxb2 Re5 21. e4 Rae8 22. d3 Rf8 23. Qc3 Re7 24. Qf6 Ree8 25. Rf2 Re7 26. h4 Qd8 27. Bh3 h5 28. Kh2 Rfe8 29. g4 hxg4 30. Bxg4 Bc8 31. h5 Rd7 32. Bxd7 Qxd7 33. Rf5 Qe7 34. Qxe7 Rxe7 35. Rg5 Kg7 36. hxg6 f6 37. Rg2 f5 38. Rgc2 Kxg6 39. Rxc7 Bd7 40. R1c6 Rh7+ 41. Kg1 Bxc6 42. Rxh7 Bxb5 43. Rb7 Bxd3 1/2-1/2

[Event "Havana UCI 6th"]
[Site "Havana"]
[Date "2007.11.26"]
[Round "13"]
[White "Cruz de la Osa, Reider"]
[Black "Avila Bagdasarova, Eladio E"]
[Result "1-0"]
[WhiteElo "2229"]
[BlackElo "2080"]
[PlyCount "62"]
[EventDate "2007.11.12"]
[EventType "tourn"]
[EventRounds "13"]
[EventCountry "CUB"]
[SourceTitle "EXT 2019"]
[Source "ChessBase"]
[SourceDate "2018.10.10"]
[SourceVersion "1"]
[SourceVersionDate "2018.10.10"]
[SourceQuality "1"]

1. e4 e5 2. Nf3 Nc6 3. Bb5 Bc5 4. c3 Bb6 5. d4 exd4 6. cxd4 Nce7 7. Nc3 c6 8. Ba4 d5 9. exd5 Nxd5 10. Nxd5 Qxd5 11. Bb3 Ba5+ 12. Kf1 Qb5+ 13. Kg1 Be6 14. Bxe6 fxe6 15. Ng5 Qf5 16. Qb3 0-0-0 17. Be3 Rd5 18. Rc1 Ne7 19. Qc4 h6 20. Nf3 Ng6 21. h4 Rf8 22. b4 Bc7 23. h5 Nf4 24. Bxf4 Qxf4 25. Re1 Qf7 26. Rh4 Rg5 27. Re3 Rd5 28. Qe2 Kd7 29. g3 Rf5 30. Kg2 Kc8 31. Rhe4 Rxh5 1-0